Plant breeding: (Record no. 465)
[ view plain ]
| 000 -LEADER | |
|---|---|
| fixed length control field | 00525nam a22001817a 4500 |
| 008 - FIXED-LENGTH DATA ELEMENTS--GENERAL INFORMATION | |
| fixed length control field | 161001b xxu||||| |||| 00| 0 eng d |
| 020 ## - INTERNATIONAL STANDARD BOOK NUMBER | |
| International Standard Book Number | 9788127257552(pbk.) |
| 082 ## - DEWEY DECIMAL CLASSIFICATION NUMBER | |
| Edition number | 23 |
| Classification number | 631.52 |
| Item number | SIN |
| 100 ## - MAIN ENTRY--PERSONAL NAME | |
| Personal name | Singh, Phundan |
| 245 ## - TITLE STATEMENT | |
| Title | Plant breeding: |
| Remainder of title | molecular and new approaches |
| 250 ## - EDITION STATEMENT | |
| Edition statement | 2nd rev.ed. |
| 260 ## - PUBLICATION, DISTRIBUTION, ETC. (IMPRINT) | |
| Place of publication, distribution, etc. | New Delhi |
| Name of publisher, distributor, etc. | Kalyani Publishers |
| Date of publication, distribution, etc. | 2009 |
| 300 ## - PHYSICAL DESCRIPTION | |
| Extent | viii,308p.; |
| Dimensions | 24cm. |
| 500 ## - GENERAL NOTE | |
| General note | Includes glossary, references and subject index. |
| 650 ## - SUBJECT ADDED ENTRY--TOPICAL TERM | |
| Source of heading or term | Botany |
| Topical term or geographic name as entry element | Botany |
| 653 ## - INDEX TERM--UNCONTROLLED | |
| Uncontrolled term | Breeding |
| 942 ## - ADDED ENTRY ELEMENTS (KOHA) | |
| Source of classification or shelving scheme | |
| Koha item type | Books |
| Withdrawn status | Lost status | Source of classification or shelving scheme | Materials specified (bound volume or other part) | Damaged status | Not for loan | Collection code | Permanent location | Current location | Shelving location | Date acquired | Coded location qualifier | Cost, normal purchase price | Total Checkouts | Total Renewals | Full call number | Barcode | Date last seen | Date last checked out | Cost, replacement price | Price effective from | Koha item type |
|---|---|---|---|---|---|---|---|---|---|---|---|---|---|---|---|---|---|---|---|---|---|
| PB | Botany Section | Maulana Azad Central Library | Maulana Azad Central Library | General Stacks | 2016-10-01 | BOT | 225.00 | 2 | 1 | 631.52 SIN | 10043 | 2023-03-04 | 2023-02-23 | 225.00 | 2016-10-01 | Books | |||||
| PB | Botany Section | Maulana Azad Central Library | Maulana Azad Central Library | General Stacks | 2016-10-01 | BOT | 225.00 | 1 | 1 | 631.52 SIN | 10045 | 2018-06-21 | 2018-05-25 | 225.00 | 2016-10-01 | Books | |||||
| PB | Botany Section | Maulana Azad Central Library | Maulana Azad Central Library | General Stacks | 2016-11-03 | BOT | 225.00 | 631.52 SIN | 7049 | 2016-11-03 | 2016-11-03 | Books | |||||||||
| PB | Botany Section | Maulana Azad Central Library | Maulana Azad Central Library | General Stacks | 2016-11-04 | BOT | 225.00 | 631.52 SIN | 10044 | 2016-11-04 | 225.00 | 2016-11-04 | Books |